Změňte svá data na konkurenční výhodu
Špecifiká business intelligence ako procesu na podporu rozhodovania. Pojem a obsah BI. Informačné zdroje procesu BI. Dáta a informácie uložené v pamäti. Vedomosti pracovníkov. Proces business intelligence.
Na minha lista:
| Formato: | Capítulo de Livro |
|---|---|
| Idioma: | tcheco |
| Assuntos: | |
| Tags: |
Sem tags, seja o primeiro a adicionar uma tag!
|
MARC
| LEADER | 00000naa$a2200000$$$4500 | ||
|---|---|---|---|
| 001 | 0004031 | ||
| 005 | 20231002104743.2 | ||
| 041 | 0 | |a cze | |
| 044 | |a CZ | ||
| 245 | 1 | 0 | |a Změňte svá data na konkurenční výhodu |
| 520 | |a Špecifiká business intelligence ako procesu na podporu rozhodovania. Pojem a obsah BI. Informačné zdroje procesu BI. Dáta a informácie uložené v pamäti. Vedomosti pracovníkov. Proces business intelligence. | ||
| 610 | 2 | 0 | |a informácie |
| 610 | 2 | 0 | |a rozhodovanie manažérske |
| 610 | 2 | 0 | |a podnikanie |
| 610 | 2 | 0 | |a manažéri |
| 610 | 2 | 0 | |a programy používateľské |
| 610 | 2 | 0 | |a manažment |